| 000 | 00525nam a2200193Ia 4500 | ||
|---|---|---|---|
| 001 | 11693 | ||
| 003 | GE_BSU | ||
| 008 | 181216s||||||||xx |||||||||||||| ||und|| | ||
| 040 | _cGE_BSU | ||
| 245 | _aГосударство и право. №7. 2014. июль | ||
| 245 | _cГл.ред.А.С.Автономов | ||
| 260 | _aМосква | ||
| 260 | _bНаука. | ||
| 260 | _c2014 | ||
| 300 | _a128стр.29см. | ||
| 653 | _aГосударство и право. | ||
| 653 | _aპერიოდიკა | ||
| 942 | _cCR | ||
| 999 |
_c44877 _d44877 |
||